000 00310nam a2200133Ia 4500
008 191201s2019 xx 000 0 und d
100 _aCORBMAN, Bernard P
245 0 _aTextiles Fiber to Fabric
250 _a6th
260 _aN.Delhi
_bMcGraw Hill
300 _a594
650 _aB.Tech(TE)
942 _2ddc
_cBK
999 _c2324
_d2324